Tổng tập văn học Việt Nam; T9A Văn học thời Tây Sơn
保存先:
| フォーマット: | 図書 |
|---|---|
| 言語: | Undetermined |
| 出版事項: |
Hà Nội
KHXH
|
| 主題: | |
| タグ: |
タグ追加
タグなし, このレコードへの初めてのタグを付けませんか!
|
| Thư viện lưu trữ: | Trung tâm Học liệu Trường Đại học Cần Thơ |
|---|
| LEADER | 00446nam a2200145Ia 4500 | ||
|---|---|---|---|
| 001 | CTU_17006 | ||
| 008 | 210402s9999 xx 000 0 und d | ||
| 082 | |a 895.922 | ||
| 082 | |b T455/T9A | ||
| 245 | 0 | |a Tổng tập văn học Việt Nam; T9A | |
| 245 | 0 | |b Văn học thời Tây Sơn | |
| 260 | |a Hà Nội | ||
| 260 | |b KHXH | ||
| 650 | |a nguyen thiep,vietnamese literature | ||
| 980 | |a Trung tâm Học liệu Trường Đại học Cần Thơ | ||